| 000 | 00875nam a22002535a 4500 | ||
|---|---|---|---|
| 005 | 20080904000940.0 | ||
| 008 | 080704s2008 ii bs 001 0 eng | ||
| 010 | _aENG-92558 | ||
| 020 |
_a8174866256 _c300.00 |
||
| 035 | _aEN-76091 | ||
| 037 | _bDBAD / PUB | ||
| 040 |
_adpl _bEnglish |
||
| 082 | _a306.874 | ||
| 100 | _aKatdare, Lata | ||
| 245 |
_aGrowing together / _cby Lata Katdare |
||
| 260 |
_aMumbai _bMouj Prakashan Griha _c2007 |
||
| 270 |
_aKhatauwadi, Girgaum _bMumbai _e400004 |
||
| 300 |
_axix, 216p.: _c25 cm (pbk) _bill. |
||
| 650 | _aParenting. | ||
| 650 | _aParent and child. | ||
| 650 | _aChild development. | ||
| 942 |
_2ddc _cEN _mKAT _h306.874 |
||
| 999 |
_c21105 _d21105 |
||